Normal view
MARC view
Entry Personal Name
001 - CONTROL NUMBER
- control field: 4874
003 - CONTROL NUMBER IDENTIFIER
- control field: OSt
005 - DATE AND TIME OF LATEST TRANSACTION
- control field: 20190429113305.0
008 - FIXED-LENGTH DATA ELEMENTS
- fixed length control field: 190429|| aca||aabn | a|a d
040 ## - CATALOGING SOURCE
- Original cataloging agency: OSt
- Transcribing agency: OSt
100 ## - HEADING--PERSONAL NAME
- Personal name: Trivedi, Harshad R.
670 ## - SOURCE DATA FOUND
- Source citation: Work cat.: (OSt): Trivedi, Harshad R., Some aspects of role of panchayats and institutional arrangements for canal irrigation in two Talukas of Ahmedabad district, 1982
